Normal view
MARC view
Entry Personal Name
001 - CONTROL NUMBER
- control field: 10404
003 - CONTROL NUMBER IDENTIFIER
- control field: BD-DhEWU
005 - DATE AND TIME OF LATEST TRANSACTION
- control field: 20140528183643.0
008 - FIXED-LENGTH DATA ELEMENTS
- fixed length control field: 140528|| aca||aabn | a|a d
040 ## - CATALOGING SOURCE
- Original cataloging agency: BD-DhEWU
- Transcribing agency: BD-DhEWU
100 ## - HEADING--PERSONAL NAME
- Personal name: Petty, J. William.
670 ## - SOURCE DATA FOUND
- Source citation: Work cat.: (BD-DhEWU)5895: Longenecker, Justin G. 10402, Small business management :, c2000.